00597nam a2200205Ia 4500008004100000020001800041050001600059050001400075100002400089245005000113245002400163260001700187260003800204260000900242300001600251300002000267300001100287650005700298650003600355160319s9999 xx 000 0 und d a971-691-308-7 aFIL KPM 988 b.R63 2004 aRodriguez, Rufus B. aComprehensive agrarian reform law annotated / cRufus B. Rodriguez. aQuezon City: bCentral Professional Books, Inc., c2004 a350 pages : billustrations ; c23 cm. aLand reform -- Law and legislation -- Philippines.  xPhilippines, Republic Act 6657.